01593cam a22003371a 4500001001300000003000400013005001700017008004100034010001700075035001900092040003100111042001200142050002400154070002200178072000900200082001800209100004600227245009800273260004400371300003900415440004900454500003400503500014100537500002000678501037700698504002801075650004601103650004701149650004201196999001701238gs 60000225 DLC20260227111409.0780825s1960 dcuab b f001 0 eng  ags 60000225  a(OCoLC)4169549 aDLCcLMNdDNALdOCoLCdDLC apremarc00aTC801b.U2 no. 14880 a407bG29W no.1488 0aP200 a551.4909763541 aHarder, Alfred H.q(Alfred Harry),d1919-14aThe geology and ground-water resources of Calcasieu Parish, Louisiana /cby Alfred H. Harder. aWashington, D.C. :bU.S. G.P.O.,c1960. avi, 102 p. :bill., maps ;c24 cm. 0aGeological Survey water-supply paper ;v1488 aNine folded leaves in pocket. a"Prepared in cooperation with the Louisiana Department of Public Works and the Louisiana Geological Survey, Department of Conservation." aIncludes index. aWith : Geology and ground water in the Platte-Republican Rivers watershed and the Little Blue River Basin above Angus, Nebraska -- Geology and ground-water resources of Platte County, Wyoming -- Geology and ground-water features of the Butte Valley region, Siskiyou County, California. Washington, D.C. : U.S. G.P.O., 1960. Bound together subsequent to publication.5DLC aBibliography: p. 98-99. 0aGroundwaterzLouisianazCalcasieu Parish. 0aWater-supplyzLouisianazCalcasieu Parish. 0aGeologyzLouisianazCalcasieu Parish. c29460d29460